| 000 | 01191cam a22003613 4500 | ||
|---|---|---|---|
| 001 | 13297456 | ||
| 003 | OSt | ||
| 005 | 20141118130916.0 | ||
| 008 | 030731t20032002nyua 000 1 eng | ||
| 010 | _a 2003586704 | ||
| 020 | _a0439448956 | ||
| 040 |
_aDLC _cDLC _dDLC |
||
| 050 |
_aPZ 7 _b.B146Plb 2003 |
||
| 100 | 1 |
_aBaglio, Ben M. _95246 |
|
| 245 | 1 | 0 |
_aPolar bears on the path / _cBen M. Baglio ; illustrations by Ann Baum. |
| 260 |
_aNew York : _bScholastic, _c2003 |
||
| 300 |
_a130 p. : _bill. ; _c18 cm. |
||
| 490 | 1 |
_aAnimal ark ; _v37 |
|
| 500 | _a"An Apple paperback." | ||
| 526 | _c710 | ||
| 650 |
_aBears _xJuvenile Fiction _926553 |
||
| 655 | 7 |
_aChildren's stories. _2lcsh _93012 |
|
| 655 | 7 |
_aAdventure fiction. _2gsafd _93061 |
|
| 700 | 1 |
_aBaum, Ann. _926554 |
|
| 710 | 2 |
_aCopyright Paperback Collection (Library of Congress) _5DLC _9705 |
|
| 800 | 1 |
_aBaglio, Ben M. _tAnimal Ark ; _v37. _926555 |
|
| 856 | 4 | 2 |
_3Publisher description _uhttp://www.loc.gov/catdir/enhancements/fy1115/2003586704-d.html |
| 906 |
_a7 _bcbc _corignew _d2 _encip _f20 _gy-genrareb |
||
| 942 |
_2lcc _cBK |
||
| 999 |
_c34192 _d34192 |
||